| 000 | 00639cam a22002411 4500 | ||
|---|---|---|---|
| 001 | ne 65002454 | ||
| 003 | DLC | ||
| 005 | 20260227111818.0 | ||
| 008 | 890619s1964 xx ac 000 0 ara | ||
| 010 | _ane 65002454 | ||
| 035 | _a(OCoLC)23484348 | ||
| 040 |
_aDLC _cMiU _dDLC |
||
| 042 | _apremarc | ||
| 043 |
_ae-ur--- _af-ua--- |
||
| 050 | 0 | 0 |
_aDT82.5.R8 _bM85 |
| 110 | 2 | _aal-Muṣawwar. | |
| 245 | 1 | 3 | _aal-Ṣadāqah al-ʻArabīyah al-Sūvyitīyah. |
| 260 | _c1964. | ||
| 300 |
_a94 p. _billus., ports. _c33 cm. |
||
| 500 | _aRomanized. | ||
| 651 | 0 |
_aEgypt _xRelations _zSoviet Union |
|
| 651 | 0 |
_aSoviet Union _xRelations _zEgypt |
|
| 999 |
_c48539 _d48539 |
||